[Event "Vrsar Spring op"]
[Site "Vrsar"]
[Date "2024.04.01"]
[Round "6"]
[White "Mrkaljevic, Jakub"]
[Black "Crnkovic, Zdravko"]
[Result "0-1"]
[WhiteElo "1959"]
[BlackElo "1970"]
[PlyCount "94"]
[EventDate "2024.04.01"]
[EventType "swiss"]
[EventRounds "9"]
[EventCountry "CRO"]
[SourceTitle "CB16_2024"]
[SourceDate "2024.04.17"]
[SourceVersion "1"]
[SourceVersionDate "2024.04.17"]
[SourceQuality "1"]

1. Nf3 c5 2. c3 d5 3. d4 e6 4. Bg5 Nf6 5. e3 c4 6. b3 b5 7. a4 Qa5 8. Bxf6 gxf6 9. Qc2 Bd7 10. Nbd2 Nc6 11. bxc4 bxc4 12. Be2 Bd6 13. 0-0 0-0 14. e4 Rae8 15. Rfb1 Ne7 16. g3 Bc6 17. Nh4 Ng6 18. Ng2 Rc8 19. Bf3 Rb8 20. Rxb8 Rxb8 21. Ne3 Ne7 22. exd5 exd5 23. Nd1 Bd7 24. Ne3 Be6 25. Bd1 f5 26. f4 Kh8 27. Qc1 Ng8 28. Qc2 Ne7 29. Ng2 Rg8 30. Rb1 Ng6 31. Kf2 Bc7 32. Rb7 Bb6 33. Nxc4 dxc4 34. Ne3 Rf8 35. Bf3 Rg8 36. h4 Re8 37. Qd2 Qxa4 38. h5 Nf8 39. Kg2 Kg8 40. h6 Bc8 41. Rxb6 axb6 42. d5 Nd7 43. Qd4 f6 44. Nxf5 Qc2+ 45. Kh3 Qxf5+ 46. Bg4 Qxg4+ 47. Kxg4 Ne5+ 0-1

[Event "Vrsar op"]
[Site "Vrsar"]
[Date "2023.04.29"]
[Round "6"]
[White "Mrkaljevic, Jakub"]
[Black "Poecksteiner, Johann"]
[Result "1-0"]
[WhiteElo "1950"]
[BlackElo "2110"]
[PlyCount "49"]
[EventDate "2023.04.25"]
[EventType "swiss"]
[EventRounds "9"]
[EventCountry "CRO"]
[SourceTitle "CBM 214 Extra"]
[Source "ChessBase"]
[SourceDate "2023.07.31"]
[SourceVersion "1"]
[SourceVersionDate "2023.07.31"]
[SourceQuality "1"]

1. d4 f5 2. Nf3 Nf6 3. c3 g6 4. h3 d6 5. Bf4 Bg7 6. Nbd2 Nc6 7. Qb3 e6 8. e3 Qe7 9. Bc4 a6 10. a3 b5 11. Be2 e5 12. dxe5 dxe5 13. Bh2 e4 14. Nd4 Ne5 15. c4 c5 16. Bxe5 Qxe5 17. Nc6 bxc4 18. Nxc4 Qc7 19. N6a5 Rb8 20. Qc2 0-0 21. Nb3 Nd7 22. Rd1 Ne5 23. Rd5 Qb7 24. Nxe5 Bxe5 25. Rxe5 1-0

[Event "Pula op 34th"]
[Site "Pula"]
[Date "2022.06.18"]
[Round "1"]
[White "Marjanovic, Annamaria"]
[Black "Mrkaljevic, Jakub"]
[Result "1-0"]
[WhiteElo "2353"]
[BlackElo "1933"]
[PlyCount "135"]
[EventDate "2022.06.18"]
[EventType "swiss"]
[EventRounds "9"]
[EventCountry "CRO"]
[SourceTitle "CBM 209 Extra"]
[Source "ChessBase"]
[SourceDate "2022.09.30"]
[SourceVersion "1"]
[SourceVersionDate "2022.09.30"]
[SourceQuality "1"]

1. c4 e5 2. g3 Nc6 3. Bg2 Nf6 4. Nc3 Bc5 5. e3 d6 6. Nge2 a6 7. 0-0 0-0 8. d4 Bb6 9. a3 Bg4 10. h3 Bd7 11. b4 Qc8 12. Kh2 Ne7 13. c5 Ba7 14. Bb2 Bc6 15. d5 Bd7 16. cxd6 cxd6 17. Rc1 Qe8 18. Qb3 b5 19. Nb1 Bb6 20. Nd2 Nf5 21. e4 Ne7 22. f4 Ng6 23. Qd3 Rc8 24. Rxc8 Qxc8 25. fxe5 dxe5 26. Rc1 Qd8 27. Nb3 Ne8 28. Nc5 Bc8 29. a4 Nd6 30. axb5 axb5 31. Nc3 Qe8 32. Bf1 f5 33. Nxb5 Nxb5 34. Qxb5 Qd8 35. exf5 Bxf5 36. Bg2 Ba7 37. Rf1 Qe7 38. Qc4 Kh8 39. Ne4 Bb8 40. Qc5 Qd8 41. h4 h5 42. Ng5 Bd6 43. Qa7 Qe8 44. Qb6 Qe7 45. b5 Kg8 46. Qe3 Bd7 47. Rxf8+ Nxf8 48. Qe2 g6 49. Ne4 Bg4 50. Qe3 Nd7 51. Nxd6 Qxd6 52. Ba3 Qc7 53. Qb3 Qb6 54. d6+ Kg7 55. Qd5 Qe3 56. Bb2 Bf5 57. b6 Kf6 58. b7 Qb6 59. Bc1 Be6 60. Bg5+ Kf7 61. Qf3+ Bf5 62. Qd5+ Be6 63. Qd3 Bf5 64. Qc4+ Kg7 65. Qc7 Qb4 66. Be3 Qb2 67. Bb6 Be4 68. Qxd7+ 1-0

[Event "CRO-chT2 Qual 1B Liga"]
[Site "Trogir"]
[Date "2021.11.21"]
[Round "3.2"]
[White "Mrkaljevic, Jakub"]
[Black "Markovic, Franjo Josip"]
[Result "0-1"]
[WhiteElo "1960"]
[BlackElo "2129"]
[PlyCount "80"]
[EventDate "2021.11.19"]
[EventType "team-tourn"]
[EventRounds "3"]
[EventCountry "CRO"]
[SourceTitle "EXT 2023"]
[Source "ChessBase"]
[SourceDate "2022.10.05"]
[SourceVersion "1"]
[SourceVersionDate "2022.10.05"]
[SourceQuality "1"]
[WhiteTeam "Porec Gortan"]
[BlackTeam "Sveta Nedelja"]
[WhiteTeamCountry "CRO"]
[BlackTeamCountry "CRO"]

1. d4 Nf6 2. Nf3 g6 3. c3 Bg7 4. Bf4 d6 5. Nbd2 c5 6. e3 Nc6 7. h3 0-0 8. Be2 Be6 9. 0-0 Qb6 10. b3 Nd5 11. Nc4 Qd8 12. Rc1 Nxf4 13. exf4 cxd4 14. cxd4 Nb4 15. Qd2 Nd5 16. Ng5 Bd7 17. Bf3 Bc6 18. Na5 Qb6 19. Nxc6 bxc6 20. Bxd5 cxd5 21. Nf3 a5 22. Rfe1 Bf6 23. g4 Qb7 24. Rc3 a4 25. Rec1 Qb4 26. Qe3 Rfe8 27. Rc7 Qa3 28. R1c2 axb3 29. axb3 Rab8 30. R2c3 Qb4 31. Rd3 Qa5 32. Rcc3 Rb4 33. g5 Bg7 34. Rc6 Qb5 35. Rc7 e6 36. Rdc3 Qb8 37. R7c6 e5 38. dxe5 dxe5 39. Qc1 Rxb3 40. fxe5 Rb1 0-1

[Event "CRO-chT3 West"]
[Site "Croatia"]
[Date "2011.03.12"]
[Round "1.23"]
[White "Monjac, Mislav"]
[Black "Mrkaljevic, Jakub"]
[Result "1/2-1/2"]
[WhiteElo "1982"]
[BlackElo "1979"]
[PlyCount "152"]
[EventDate "2011.03.12"]
[EventType "team-tourn"]
[EventRounds "9"]
[EventCountry "CRO"]
[SourceTitle "EXT 2014"]
[Source "ChessBase"]
[SourceDate "2013.11.20"]
[SourceVersion "1"]
[SourceVersionDate "2013.11.20"]
[SourceQuality "1"]

1. e4 e6 2. d4 d5 3. e5 c5 4. c3 Qb6 5. Nf3 Nc6 6. a3 Nge7 7. b4 cxd4 8. cxd4 Nf5 9. Be3 Be7 10. Bd3 Nfxd4 11. Bxd4 Nxd4 12. Nxd4 0-0 13. Nf3 a5 14. b5 Bd7 15. Qe2 Rac8 16. 0-0 Rc5 17. a4 Rfc8 18. Nbd2 Rc3 19. Rfd1 g6 20. Nf1 f5 21. exf6 Bxf6 22. Ne5 Be8 23. Rab1 Qd6 24. Ng4 Bg7 25. Ng3 Bf7 26. Qd2 Qa3 27. Bf1 Qxa4 28. Nh6+ Bxh6 29. Qxh6 e5 30. Qg5 Qf4 31. Qxf4 exf4 32. Ne2 R3c4 33. Nd4 Ra4 34. Nf3 Kg7 35. Ra1 Rxa1 36. Rxa1 b6 37. Ne5 Be8 38. Rd1 Rd8 39. Nc6 Rd6 40. Bc4 Bxc6 41. bxc6 Rxc6 42. Bxd5 Rd6 43. Bb3 Rxd1+ 44. Bxd1 Kf6 45. Kf1 Ke5 46. Ke2 Kd4 47. Kd2 g5 48. Kc2 Kc4 49. Be2+ Kb4 50. Kb2 b5 51. Bh5 h6 52. g3 fxg3 53. hxg3 Kc4 54. Be2+ Kb4 55. Kc2 a4 56. Kb2 Ka5 57. Kc3 b4+ 58. Kc4 a3 59. Kb3 Kb6 60. Bc4 Kc5 61. Be2 Kd4 62. Bh5 Ke4 63. Bg4 Ke5 64. Bf3 Kd4 65. Be2 Kc5 66. Bd3 h5 67. Bf5 h4 68. gxh4 gxh4 69. Bh3 Kd4 70. Bf5 Ke5 71. Bh3 Kf4 72. Bg2 h3 73. Bh1 Ke5 74. Bb7 h2 75. Bg2 Kf4 76. Bh1 Ke5 1/2-1/2

[Event "Porec op"]
[Site "Porec"]
[Date "2010.12.04"]
[Round "6"]
[White "Mrkaljevic, Jakub"]
[Black "Ikica, Ante"]
[Result "0-1"]
[WhiteElo "1988"]
[BlackElo "2085"]
[PlyCount "64"]
[EventDate "2010.12.02"]
[EventType "swiss"]
[EventRounds "7"]
[EventCountry "CRO"]
[SourceTitle "CBM 139 Extra"]
[Source "ChessBase"]
[SourceDate "2011.01.05"]
[SourceVersion "1"]
[SourceVersionDate "2011.01.05"]
[SourceQuality "1"]

1. b4 e6 2. a3 d5 3. Bb2 Nf6 4. e3 c5 5. b5 Nbd7 6. Nf3 Bd6 7. d3 Qe7 8. Nbd2 0-0 9. Be2 e5 10. e4 d4 11. Nc4 Bc7 12. 0-0 Nb6 13. Nxb6 axb6 14. c4 Ne8 15. Qd2 f5 16. Qg5 Qe6 17. Qd2 fxe4 18. dxe4 Qf6 19. Qg5 Qd6 20. Rfd1 Be6 21. Bd3 Nf6 22. Nd2 h6 23. Qh4 Nd7 24. f3 Bd8 25. Qe1 Bg5 26. Qe2 Nf6 27. Re1 Nh5 28. g3 Qd7 29. Nf1 Rf7 30. Bc1 Bxc1 31. Rexc1 Bh3 32. a4 Be6 0-1

[Event "Porec op"]
[Site "Porec"]
[Date "2010.12.02"]
[Round "1"]
[White "Mrkaljevic, Jakub"]
[Black "Ostovic, Matija"]
[Result "1/2-1/2"]
[WhiteElo "1988"]
[BlackElo "2218"]
[PlyCount "85"]
[EventDate "2010.12.02"]
[EventType "swiss"]
[EventRounds "7"]
[EventCountry "CRO"]
[SourceTitle "CBM 139 Extra"]
[Source "ChessBase"]
[SourceDate "2011.01.05"]
[SourceVersion "1"]
[SourceVersionDate "2011.01.05"]
[SourceQuality "1"]

1. b4 d5 2. Bb2 e6 3. e3 Nf6 4. a3 Bd6 5. Nf3 Nbd7 6. d4 0-0 7. c4 dxc4 8. Bxc4 Qe7 9. 0-0 e5 10. dxe5 Nxe5 11. Be2 Nfg4 12. Nbd2 Rd8 13. Qc2 c6 14. Qc3 Nxf3+ 15. Nxf3 Nf6 16. Rad1 Bg4 17. h3 Bh5 18. Rd4 Bxf3 19. Bxf3 Re8 20. Re4 Qc7 21. Rc4 Bh2+ 22. Kh1 Be5 23. Qc2 Bxb2 24. Qxb2 Qe7 25. Rd1 Red8 26. Rcd4 Rxd4 27. Qxd4 Kf8 28. g4 a5 29. Rb1 axb4 30. axb4 Rd8 31. Qc4 Nd5 32. Qd3 g6 33. b5 Qf6 34. Bxd5 Rxd5 35. Qe4 Re5 36. Qd4 c5 37. Qc3 b6 38. Kg2 Kg7 39. Rd1 Re4 40. Qxf6+ Kxf6 41. Rd6+ Re6 42. Rd7 Kg7 43. f4 1/2-1/2

[Event "Porec op"]
[Site "Porec"]
[Date "2008.12.05"]
[Round "4"]
[White "Kersic, Matej"]
[Black "Mrkaljevic, Jakub"]
[Result "0-1"]
[WhiteElo "2156"]
[BlackElo "1947"]
[PlyCount "220"]
[EventDate "2008.12.04"]
[EventType "swiss"]
[EventRounds "7"]
[EventCountry "CRO"]
[SourceTitle "CBM 127 Extra"]
[Source "ChessBase"]
[SourceDate "2009.01.08"]
[SourceVersion "2"]
[SourceVersionDate "2009.01.28"]
[SourceQuality "1"]

1. e4 e5 2. Nf3 Nc6 3. d4 exd4 4. Bc4 Bc5 5. c3 dxc3 6. Bxf7+ Kxf7 7. Qd5+ Kf8 8. Qxc5+ Qe7 9. Qxe7+ Ngxe7 10. bxc3 b6 11. 0-0 h6 12. Nd4 Kf7 13. Re1 Ba6 14. Bf4 d6 15. Bg3 Rhe8 16. Nd2 Rad8 17. a4 Nxd4 18. cxd4 c5 19. d5 Ng8 20. Nb1 Nf6 21. Nc3 Bd3 22. f3 Re7 23. Red1 Bc4 24. Rd2 g5 25. Rb2 Rb7 26. Nd1 Nh5 27. Ne3 Ba6 28. Nf5 Nxg3 29. hxg3 Kg6 30. g4 Bd3 31. Kf2 Rc7 32. Ke3 Ba6 33. Rh1 Rh7 34. g3 Bc8 35. a5 bxa5 36. Ra2 Bxf5 37. gxf5+ Kf6 38. Rb1 h5 39. f4 gxf4+ 40. Kxf4 Rg7 41. Rxa5 Rdg8 42. Rg1 Rg4+ 43. Kf3 R8g7 44. Ra4 Ke5 45. Rg2 h4 46. f6 Rxg3+ 47. Rxg3 Rxg3+ 48. Kf2 Kxf6 49. Rxa7 Rg7 50. Ra8 Ke5 51. Re8+ Kd4 52. Re6 Rd7 53. Ke2 h3 54. Rh6 Kxe4 55. Rxh3 Kxd5 56. Kd3 Ra7 57. Rh5+ Kc6 58. Rh6 Ra4 59. Kc3 Rf4 60. Rg6 Kd5 61. Rg5+ Ke6 62. Rg6+ Ke5 63. Rg5+ Rf5 64. Rg8 Kd5 65. Rg3 Rf6 66. Rg5+ Kc6 67. Rg8 Rf3+ 68. Kd2 d5 69. Rb8 d4 70. Rh8 c4 71. Rc8+ Kb5 72. Rb8+ Ka6 73. Rd8 c3+ 74. Kc2 Rf2+ 75. Kb3 Rd2 76. Rc8 Kb5 77. Rc7 Rh2 78. Rc8 Rh6 79. Kc2 Rc6 80. Rb8+ Kc4 81. Rd8 Rb6 82. Rc8+ Kd5 83. Kd3 Rc6 84. Rd8+ Ke5 85. Re8+ Kf4 86. Rf8+ Ke5 87. Re8+ Re6 88. Rd8 Rd6 89. Re8+ Kd5 90. Rc8 Rd7 91. Rc4 Ke5 92. Rc8 Rd6 93. Rc5+ Rd5 94. Rc8 Ke6 95. Rc7 Kd6 96. Rc4 Kd7 97. Ra4 Kc6 98. Ra8 Kb7 99. Rh8 Rd6 100. Rh2 Kb6 101. Rh8 Kb5 102. Rb8+ Ka4 103. Ra8+ Kb3 104. Rb8+ Ka2 105. Rc8 Kb2 106. Rb8+ Kc1 107. Rh8 Rc6 108. Kxd4 c2 109. Kd3 Kb2 110. Rb8+ Ka3 0-1

[Event "Porec op"]
[Site "Porec"]
[Date "2007.12.08"]
[Round "6"]
[White "Mrkaljevic, Jakub"]
[Black "Zelic, Mladen"]
[Result "0-1"]
[WhiteElo "1600"]
[BlackElo "2286"]
[PlyCount "82"]
[EventDate "2007.12.06"]
[EventType "swiss"]
[EventRounds "7"]
[EventCountry "CRO"]
[SourceTitle "CBM 121 Extra"]
[Source "ChessBase"]
[SourceDate "2008.01.10"]
[SourceVersion "1"]
[SourceVersionDate "2008.01.10"]
[SourceQuality "1"]

1. d4 Nf6 2. c4 g6 3. Bg5 Ne4 4. Be3 c5 5. Qc2 Qa5+ 6. Nd2 Nf6 7. d5 Bg7 8. g3 d6 9. Bh3 0-0 10. Bxc8 Rxc8 11. Ngf3 b5 12. 0-0 Nbd7 13. Bg5 h6 14. Bf4 g5 15. Be3 Rab8 16. b3 bxc4 17. Nxc4 Qc7 18. Rad1 Nb6 19. Nxb6 axb6 20. Qf5 Qd7 21. Qxd7 Nxd7 22. h4 g4 23. Nh2 Nf6 24. f3 gxf3 25. exf3 b5 26. Ng4 Nxg4 27. fxg4 c4 28. Rd2 cxb3 29. axb3 Rc3 30. Rf3 Rxb3 31. Kg2 Rc8 32. g5 Rcc3 33. Kf2 hxg5 34. hxg5 Rd3 35. Ke2 Rxd2+ 36. Bxd2 Rxf3 37. Kxf3 Kh7 38. Kg4 Kg6 39. Bf4 Bd4 40. Bd2 Bc5 41. Bc3 Ba3 0-1